000 01712nam a2200433 i 4500
001 196527
003 ES-MaACL
005 20250904233825.0
007 ta
008 241004s2006 sp a r 000 0 spa d
017 _aB 35605-2006
_bOficina Depósito Legal Barcelona
020 _a9788489192935 (
_qVol. 35)
020 _a8489192935 (
_qVol. 35)
020 _a978848919254 (
_qO.C.)
035 _aRebiun04341096
040 _aBUAH
_bspa
_cES-MaACL
245 0 0 _aAgonía y muerte del franquismo :
_b1975 /
_c[redacción M. Ángel Rodríguez... (et al.)].
260 _aMadrid :
_bUnidad editorial,
_c2006 (
_fGráficas Estella).
300 _a201 p. :
_bil. col. y n., gráf., mapas ;
_c25 cm.
336 _2rdacontent
_atexto
337 _2rdamedia
_asin mediación
338 _2rdacarrier
_avolumen
490 1 _aEl Franquismo, año a año ;
_v35
490 0 _aBiblioteca El Mundo
650 7 _aFranquismo
_2embne
_912981
651 4 _aEspaña-
_xHistoria-
_y1955-1975
_98337
651 0 _aEspaña-
_xPolítica y gobierno-
_y1955-1975
_9238969
651 4 _aEspaña-
_xSituación social-
_y1955-1975
_9172436
651 4 _aEspaña-
_xCultura-
_y1939-1975
_9238970
655 7 _aLibros ilustrados
_2tgfbne
_9193653
700 _aRodríguez Bajón, Miguel Ángel,
_d1964-
_eaut
_9238960
830 3 _aEl franquismo, año a año
_v35
_9238963
852 _aES-MaACL
_cDEPOJ
_jA-15516
_hDonación: Fernando Codina Rodríguez
_xEncuadernación rústica con solapas
_9204240
903 _aCodina Rodríguez, Fernando
_ednr
_9238631
942 _n0
_cMONOGRAFIA
999 _c196527
_d196527